00856naa#a2200181#i#4500001001600000005001700016011001400033100004100047102000700088200019600095210012800291215001000419608004500429675007300474700005400547700005200601856002100653RU\\bibl\11899720260603162613.3##a1819-4036##a20210930b2021####ek#y0rusy0150####ca##aRU1#aОСОБЕННОСТИ ФОРМИРОВАНИЯ ПОЛЕВЫХ СЕВООБОРОТОВ В УСЛОВИЯХ ЛЕСОСТЕПИ ЗАПАДНОЙ СИБИРИeЖурнальная статья1#aКрасноярскcКрасноярский государственный аграрный университетd2021##a6 с.##aЖурнальная статья2local##aОбщие вопросы сельского хозяйства. 631#1aЮшкевичgЛеонид Витальевич#1aЧибисgВалерий Викторович4#akgau.editorum.ru